Mixed Word: One Word Best Picture Winners Quiz Stats

 Plays Quiz Updated Oct 19, 2018

Challenge
Share
Tweet
Embed
Score 0/20 Timer 03:00
1 Play Today
SCRAMBLED BEST PICTURE % Correct
IGGIGigi
95.2%
GSNIWWings
95.2%
YRKOCRocky
84.5%
HCSRACrash
83.7%
YMTARMarty
78%
OCGHAICChicago
66.2%
CTIINTATitanic
61.6%
IGHADNGandhi
57.2%
TBRRAAEVHEBraveheart
56%
ACCANSAALBCasablanca
55.3%
SCRAMBLED BEST PICTURE % Correct
NPOATTPatton
51.3%
NPOLOATPlatoon
47.4%
RGOLTAADIGladiator
46.4%
SAUMEADAmadeus
45.4%
NUENVFIOGRUnforgiven
38.9%
ARECCEBRebecca
38.8%
ROELVI!Oliver!
38.4%
LAVACDEACCavalcade
28.9%
THEALMHamlet
26%
RRAMCIONCimarron
20.7%

You're not logged in!

Compare scores with friends on all Sporcle quizzes.
OR
Log In

You Might Also Like...

Show Comments

Extras

Top Quizzes Today


Score Distribution

Your Account Isn't Verified!

In order to create a playlist on Sporcle, you need to verify the email address you used during registration. Go to your Sporcle Settings to finish the process.

Report this User

Report this user for behavior that violates our Community Guidelines.

Details: